Normal view
MARC view
- Textile Design
Entry Topical Term
001 - CONTROL NUMBER
- control field: 216247
003 - CONTROL NUMBER IDENTIFIER
- control field: OSt
005 - DATE AND TIME OF LATEST TRANSACTION
- control field: 20260109100242.0
008 - FIXED-LENGTH DATA ELEMENTS
- fixed length control field: 260109|| aca||aabn | a|a d
040 ## - CATALOGING SOURCE
- Original cataloging agency: OSt
- Transcribing agency: OSt
150 ## - HEADING--TOPICAL TERM
- Topical term or geographic name entry element: Textile Design
670 ## - SOURCE DATA FOUND
- Source citation: Work cat.: (OSt)369797: Steed Josephine 216246, Sourcing Ideas for Textile Design, 2020